[Event "Landesklasse Ost 2013/2014"]
[Site "?"]
[Date "2013.12.08"]
[Round "4"]
[White "Seidens, Gunter"]
[Black "Hoffmann, Tim"]
[Result "0-1"]
[WhiteElo "1927"]
[BlackElo "1935"]
[PlyCount "70"]
[EventDate "2013.??.??"]
[WhiteTeam "VfL 1990 Gera"]
[BlackTeam "ESV Gera"]

1. d4 Nf6 2. Nf3 e6 3. c4 Bb4+ 4. Bd2 Qe7 5. Qb3 Bxd2+ 6. Nbxd2 c5 7. e3 b6 8.
Bd3 Bb7 9. O-O-O O-O 10. Rhe1 d6 11. Kb1 Nbd7 12. Qc2 Rfc8 13. Ne4 b5 14. dxc5
Nxe4 15. Bxe4 Bxe4 16. Qxe4 Nxc5 17. Qd4 bxc4 18. Qxc4 d5 19. Qe2 Ne4 20. Rc1
Qb4 21. Ka1 Rab8 22. Nd4 Nd2 23. b3 Ra8 24. Qa6 Rc3 25. Qb5 Rxb3 26. Qc6 Rf8
27. Qc2 Ra3 28. Nc6 Nb3+ 29. Kb2 Qa4 30. Kb1 Nxc1 31. Qc5 Nd3 32. Ne7+ Kh8 33.
Ng6+ hxg6 34. Qxf8+ Kh7 35. Rf1 Qb5+ 0-1

[Event "Landesklasse Ost 2013/2014"]
[Site "?"]
[Date "2013.12.08"]
[Round "4"]
[White "Puschendorf, Steffen"]
[Black "Katzer, Michael"]
[Result "1-0"]
[WhiteElo "2083"]
[BlackElo "1912"]
[PlyCount "137"]
[EventDate "2013.??.??"]
[WhiteTeam "ESV Gera"]
[BlackTeam "VfL 1990 Gera"]

1. d4 d5 2. Nf3 Nf6 3. g3 c6 4. Bg2 g6 5. O-O Bg7 6. b3 O-O 7. Bb2 Qb6 8. Nbd2
Bf5 9. h3 Ne4 10. e3 Nd7 11. g4 Nxd2 12. Nxd2 Be6 13. f4 f5 14. g5 Bf7 15. Qe2
a5 16. a4 Rfe8 17. Rfb1 Rad8 18. c3 e5 19. dxe5 Nxe5 20. fxe5 Bxe5 21. Qf2 Bd6
22. b4 axb4 23. cxb4 Qxe3 24. Qxe3 Rxe3 25. Bd4 Bf4 26. Nf3 Re4 27. Rd1 Rde8
28. b5 Rc8 29. bxc6 bxc6 30. a5 c5 31. Bf6 d4 32. Ne1 Be3+ 33. Kh1 Bd5 34. a6
Rce8 35. a7 Ba8 36. Nc2 Bf4 37. Rab1 Kf7 38. Kg1 h6 39. h4 hxg5 40. hxg5 Bd6
41. Bxe4 Bxe4 42. Nxd4 cxd4 43. Bxd4 Bxb1 44. Rxb1 Bf4 45. Rb7+ Ke6 46. Rb6+
Kd5 47. Bf2 Bd6 48. Ra6 Ra8 49. Kg2 Ke5 50. Kf3 Kd5 51. Be3 f4 52. Bxf4 Bxf4
53. Kxf4 Rf8+ 54. Rf6 Ra8 55. Rxg6 Rxa7 56. Kf5 Ra1 57. Rg8 Rf1+ 58. Kg6 Ke6
59. Re8+ Kd7 60. Re2 Kd6 61. Kg7 Kd7 62. g6 Rh1 63. Rf2 Ke7 64. Kg8 Ke8 65.
Re2+ Kd8 66. g7 Rh3 67. Re5 Rh1 68. Kf7 Rf1+ 69. Kg6 1-0

[Event "Landesklasse Ost 2013/2014"]
[Site "?"]
[Date "2013.12.08"]
[Round "4"]
[White "Kretzschmar, Bernd"]
[Black "Gläßl, Matthias"]
[Result "0-1"]
[WhiteElo "1867"]
[BlackElo "2050"]
[PlyCount "80"]
[EventDate "2013.??.??"]
[WhiteTeam "VfL 1990 Gera"]
[BlackTeam "ESV Gera"]

1. e4 c5 2. Nf3 Nf6 3. e5 Nd5 4. b3 g6 5. Bb2 Bg7 6. c4 Nc7 7. Nc3 Nc6 8. Ne4
Ne6 9. Be2 O-O 10. Qc2 Ned4 11. Nxd4 cxd4 12. f4 d6 13. exd6 d3 14. Qxd3 Bxb2
15. Rb1 Bg7 16. dxe7 Qxe7 17. O-O Bf5 18. Bf3 Rad8 19. Qe2 Nd4 20. Qe1 Nxf3+
21. gxf3 Qc7 22. Qh4 Qc6 23. Rbe1 h6 24. Re2 Rd4 25. Rfe1 Bxe4 26. fxe4 Rfd8
27. Qf2 Qd7 28. Rd1 Qg4+ 29. Kh1 Rxe4 30. Rde1 Rxe2 31. Rxe2 Bd4 32. Qf1 Qf5
33. Rg2 Re8 34. Re2 Rxe2 35. Qxe2 Qxf4 36. Kg2 Be5 37. Kg1 h5 38. Kh1 b6 39.
Qg2 Bd4 40. Qe2 h4 0-1

[Event "Landesklasse Ost 2013/2014"]
[Site "?"]
[Date "2013.12.08"]
[Round "4"]
[White "Schmidt, Frank"]
[Black "Welde, Kevin"]
[Result "1/2-1/2"]
[WhiteElo "1921"]
[BlackElo "1853"]
[PlyCount "24"]
[EventDate "2013.??.??"]
[WhiteTeam "ESV Gera"]
[BlackTeam "VfL 1990 Gera"]

1. d4 Nf6 2. Nf3 g6 3. e3 d5 4. Bd3 Bg7 5. Nbd2 O-O 6. O-O c6 7. c3 Nbd7 8. Re1
Qc7 9. e4 Nxe4 10. Nxe4 dxe4 11. Rxe4 e5 12. Rh4 exd4 1/2-1/2

[Event "Landesklasse Ost 2013/2014"]
[Site "?"]
[Date "2013.12.08"]
[Round "4"]
[White "Huster, Mike"]
[Black "Senf, Paul"]
[Result "1-0"]
[WhiteElo "1899"]
[BlackElo "1700"]
[PlyCount "73"]
[EventDate "2013.??.??"]
[WhiteTeam "VfL 1990 Gera"]
[BlackTeam "ESV Gera"]

1. d4 Nf6 2. Nf3 g6 3. g3 Bg7 4. Bg2 O-O 5. O-O d6 6. c4 Nbd7 7. Nc3 c6 8. e4
e5 9. Re1 Qc7 10. d5 Nb6 11. c5 Nbd7 12. cxd6 Qxd6 13. dxc6 Qxc6 14. Nd5 Kh8
15. Bg5 Nxd5 16. exd5 Qd6 17. Nd2 Nb6 18. Qb3 Bf5 19. Be3 Rfd8 20. Bxb6 axb6
21. Nc4 Qc7 22. Rac1 Rac8 23. Qxb6 Rd7 24. Qe3 Qxc4 25. Rxc4 Rxc4 26. Rc1 Rdc7
27. Rxc4 Rxc4 28. Bf1 Rc2 29. Qb6 h6 30. d6 Rc1 31. Kg2 Be4+ 32. f3 Rc2+ 33.
Kg1 Bc6 34. d7 Bxd7 35. Qd8+ Kh7 36. Qxd7 Rxb2 37. Qxf7 1-0

[Event "Landesklasse Ost 2013/2014"]
[Site "?"]
[Date "2013.12.08"]
[Round "4"]
[White "Hilbig, Dieter"]
[Black "Manicke, Hans-Joachim"]
[Result "0-1"]
[WhiteElo "1894"]
[BlackElo "1921"]
[PlyCount "134"]
[EventDate "2013.??.??"]
[WhiteTeam "ESV Gera"]
[BlackTeam "VfL 1990 Gera"]

1. e4 c6 2. Nc3 d5 3. Nf3 dxe4 4. Nxe4 Nd7 5. Bc4 Ngf6 6. Ng3 e6 7. d4 Bd6 8.
O-O O-O 9. Bg5 h6 10. Be3 c5 11. c3 cxd4 12. Nxd4 Nb6 13. Bb3 Nbd5 14. Bd2 a6
15. Qf3 Bc5 16. Rad1 Bxd4 17. cxd4 b5 18. Qd3 Bb7 19. Bc2 Qc7 20. Rc1 Rac8 21.
Bb1 Qd7 22. Rc5 Rxc5 23. dxc5 Qc6 24. Nh5 Rc8 25. Nxf6+ Nxf6 26. Qg3 Kh8 27.
Be3 Rd8 28. f3 Qd5 29. Qh4 Qh5 30. Qxh5 Nxh5 31. Rc1 Nf6 32. Bf4 Bc6 33. Kf2
Kg8 34. Ke2 Kf8 35. Bd6+ Ke8 36. Be5 Ke7 37. Rc3 b4 38. Rb3 Nd5 39. f4 f6 40.
Bd6+ Kd7 41. Rg3 g5 42. fxg5 hxg5 43. Kf2 Rh8 44. h3 Rh4 45. Rd3 Bb5 46. Rd2
Kc6 47. Bg6 Kd7 48. Bg3 Rc4 49. Bc2 Rxc5 50. Ke1 Kc6 51. Bf2 Rc4 52. b3 Rf4 53.
g3 Rf3 54. Be4 Rc3 55. Kd1 f5 56. Bg2 Kd6 57. h4 gxh4 58. gxh4 f4 59. Be4 Rh3
60. Bg6 Ke7 61. Rd4 Rh1+ 62. Kd2 Rf1 63. Be1 f3 64. Bg3 f2 65. Bxf2 Rxf2+ 66.
Ke1 Rf4 67. Rd2 Rf1# 0-1

[Event "Landesklasse Ost 2013/2014"]
[Site "?"]
[Date "2013.12.08"]
[Round "4"]
[White "Schönfeld, Volker"]
[Black "Steinmüller, Johannes"]
[Result "1/2-1/2"]
[WhiteElo "1900"]
[BlackElo "1744"]
[PlyCount "83"]
[EventDate "2013.??.??"]
[WhiteTeam "VfL 1990 Gera"]
[BlackTeam "ESV Gera"]

1. e4 c5 2. c3 Nf6 3. e5 Nd5 4. d4 cxd4 5. Qxd4 Nb6 6. Nf3 Nc6 7. Qe4 d5 8.
exd6 Qxd6 9. Bf4 Qe6 10. Nbd2 Qxe4+ 11. Nxe4 Bf5 12. Ng3 Bd7 13. Bd3 e6 14. O-O
Be7 15. Rad1 O-O 16. Be4 Rac8 17. Be3 Rfd8 18. Bxb6 axb6 19. Rd2 Be8 20. Rfd1
Rxd2 21. Rxd2 Rd8 22. Rxd8 Bxd8 23. Kf1 f5 24. Bc2 Kf7 25. Ne2 Bf6 26. Ned4
Nxd4 27. Nxd4 Ke7 28. f4 g6 29. Kf2 e5 30. fxe5 Bxe5 31. g3 Bf7 32. a3 Kd6 33.
Ke3 Bd5 34. Bd3 Kc5 35. b4+ Kd6 36. c4 Bc6 37. Bc2 h5 38. Bd1 Be4 39. Ba4 h4
40. Be8 hxg3 41. hxg3 Bxg3 42. Bxg6 1/2-1/2

[Event "Landesklasse Ost 2013/2014"]
[Site "?"]
[Date "2013.12.08"]
[Round "4"]
[White "Kupper, Matthias"]
[Black "Walther, Thomas"]
[Result "0-1"]
[WhiteElo "1758"]
[BlackElo "1870"]
[PlyCount "42"]
[EventDate "2013.??.??"]
[WhiteTeam "ESV Gera"]
[BlackTeam "VfL 1990 Gera"]

1. e4 c5 2. Nf3 Nc6 3. d4 cxd4 4. Nxd4 Nf6 5. Nc3 g6 6. Be3 Bg7 7. Be2 O-O 8.
Qd2 d5 9. exd5 Nxd5 10. Nxd5 Qxd5 11. Bf3 Qd7 12. Nxc6 bxc6 13. Qxd7 Bxd7 14.
O-O-O Bf5 15. Bxc6 Rab8 16. Bd4 Rfc8 17. Ba4 Rb4 18. Bxg7 Kxg7 19. Bb3 Rxb3 20.
axb3 Rxc2+ 21. Kb1 Rc6+ 0-1

[Event "Landesklasse Ost 2013/2014"]
[Site "?"]
[Date "2013.12.08"]
[Round "4"]
[White "Sauer, Marko"]
[Black "Hadlich, Gerald"]
[Result "1/2-1/2"]
[WhiteElo "1995"]
[BlackElo "1794"]
[PlyCount "58"]
[EventDate "2013.??.??"]
[WhiteTeam "SG Arnstadt-Stadtilm"]
[BlackTeam "SV Hermsdorf"]

1. e4 e6 2. d4 d5 3. Nc3 Bb4 4. Bd2 dxe4 5. Qg4 Nf6 6. Qxg7 Rg8 7. Qh6 Qxd4 8.
Nge2 Qe5 9. O-O-O Rg6 10. Qh4 Rg4 11. Qh3 Bd7 12. f3 exf3 13. gxf3 Rg6 14. f4
Qh5 15. Ng3 Qxh3 16. Bxh3 Nc6 17. f5 Rg8 18. fxe6 Bxe6 19. Rhe1 O-O-O 20. Rxe6
fxe6 21. Bxe6+ Kb8 22. Bxg8 Rxg8 23. Nb5 Bxd2+ 24. Rxd2 a6 25. Nd4 Nxd4 26.
Rxd4 Kc8 27. Rf4 Ng4 28. Rf7 Nxh2 29. Rxh7 Rxg3 1/2-1/2

[Event "Landesklasse Ost 2013/2014"]
[Site "?"]
[Date "2013.12.08"]
[Round "4"]
[White "Osterroth, Reinhard"]
[Black "Schätz, Bianca"]
[Result "1/2-1/2"]
[WhiteElo "1877"]
[BlackElo "1817"]
[PlyCount "96"]
[EventDate "2013.??.??"]
[WhiteTeam "SV Hermsdorf"]
[BlackTeam "SG Arnstadt-Stadtilm"]

1. d4 d5 2. Nf3 Nf6 3. g3 e6 4. Bg2 Be7 5. O-O O-O 6. c4 dxc4 7. Qa4 a6 8. Qxc4
b5 9. Qc2 Bb7 10. Bf4 Bd6 11. Ne5 Bxg2 12. Kxg2 Nd5 13. Qe4 Nxf4+ 14. gxf4 Nd7
15. Nxd7 Qxd7 16. Rc1 Qd8 17. Rc3 Qh4 18. e3 g5 19. Nd2 gxf4 20. Nf3 Qh6 21.
Ne5 Bxe5 22. Qxe5 Qg7+ 23. Qxg7+ Kxg7 24. Rxc7 fxe3 25. fxe3 Rfc8 26. Rac1 Rxc7
27. Rxc7 Kf6 28. Kf3 a5 29. Ke4 Rg8 30. Kf3 Rg1 31. Rc5 Rg5 32. Rxg5 Kxg5 33.
Ke4 f6 34. a3 a4 35. Kf3 h6 36. e4 h5 37. h4+ Kg6 38. Kf4 Kg7 39. d5 exd5 40.
exd5 Kf7 41. Kf5 Ke7 42. Kg6 Kd6 43. Kxh5 Kxd5 44. Kg4 Ke4 45. h5 f5+ 46. Kg5
f4 47. h6 f3 48. h7 f2 1/2-1/2

[Event "Landesklasse Ost 2013/2014"]
[Site "?"]
[Date "2013.12.08"]
[Round "4"]
[White "Hattendorf, Jens"]
[Black "Moje, Hans-Jürgen"]
[Result "1-0"]
[WhiteElo "1897"]
[BlackElo "1725"]
[PlyCount "59"]
[EventDate "2013.??.??"]
[WhiteTeam "SG Arnstadt-Stadtilm"]
[BlackTeam "SV Hermsdorf"]

1. e4 e5 2. Nf3 Nc6 3. Bc4 Bc5 4. c3 Nf6 5. d4 exd4 6. cxd4 Bb4+ 7. Nc3 Nxe4 8.
O-O Bxc3 9. d5 Bf6 10. Re1 Ne7 11. Rxe4 d6 12. Bg5 Bxg5 13. Nxg5 h6 14. Qe2
hxg5 15. Re3 Be6 16. dxe6 f6 17. Qd3 d5 18. Rh3 Rg8 19. Rd1 dxc4 20. Qe2 Nd5
21. Qh5+ g6 22. Qh7 Rf8 23. Qxg6+ Ke7 24. Rh7+ Kd6 25. e7 Qe8 26. exf8=Q+ Qxf8
27. Qf5 c6 28. Rd7+ Kc5 29. R1xd5+ cxd5 30. Qxd5+ 1-0

[Event "Landesklasse Ost 2013/2014"]
[Site "?"]
[Date "2013.12.08"]
[Round "4"]
[White "Hädrich, Dirk"]
[Black "Jank, Kevin"]
[Result "1-0"]
[WhiteElo "1792"]
[BlackElo "1625"]
[PlyCount "83"]
[EventDate "2013.??.??"]
[WhiteTeam "SV Hermsdorf"]
[BlackTeam "SG Arnstadt-Stadtilm"]

1. d4 d5 2. e3 e6 3. Bd3 f5 4. Nf3 Nf6 5. c4 c6 6. O-O Bd6 7. b3 Nbd7 8. cxd5
cxd5 9. Bb2 O-O 10. Qc1 Qe8 11. Ne5 Qh5 12. Nd2 Ng4 13. Ndf3 Rf6 14. h3 Rh6 15.
Re1 g5 16. Kf1 Ngf6 17. Ba3 Bxa3 18. Qxa3 g4 19. Ng1 gxh3 20. Nxh3 Nxe5 21.
dxe5 Ng4 22. Be2 Bd7 23. Rec1 Bc6 24. Ke1 Qh4 25. Bxg4 Qxg4 26. Nf4 d4 27. Kd2
dxe3+ 28. fxe3 Rd8+ 29. Kc3 Qg3 30. Re1 Rh4 31. Qb4 Be4 32. Qe7 Rc8+ 33. Kb4
Bd5 34. Ka3 Rc6 35. Rac1 Ra6+ 36. Kb2 Rc6 37. Rxc6 bxc6 38. Qe8+ Kg7 39. Re2
Qg4 40. Rd2 Rh6 41. Rd4 Qg3 42. Rb4 1-0

[Event "Landesklasse Ost 2013/2014"]
[Site "?"]
[Date "2013.12.08"]
[Round "4"]
[White "Marufke, Kai"]
[Black "Markowski, Erhard"]
[Result "1/2-1/2"]
[WhiteElo "1875"]
[BlackElo "1689"]
[PlyCount "54"]
[EventDate "2013.??.??"]
[WhiteTeam "SG Arnstadt-Stadtilm"]
[BlackTeam "SV Hermsdorf"]

1. e4 g6 2. d4 Bg7 3. c3 d6 4. f4 Nf6 5. Bd3 a5 6. Nf3 Bd7 7. O-O O-O 8. Na3
Na6 9. Nc2 c5 10. Qe2 Bc6 11. d5 Bd7 12. Bd2 b5 13. c4 b4 14. e5 Ne8 15. Rae1
b3 16. axb3 Rb8 17. Ra1 Nb4 18. Nxb4 cxb4 19. Be3 Nc7 20. Rxa5 Bg4 21. exd6
exd6 22. Ra2 Re8 23. h3 Bd4 24. hxg4 Bxe3+ 25. Kh1 Bxf4 26. Qf2 Be3 27. Qg3 Qf6
1/2-1/2

[Event "Landesklasse Ost 2013/2014"]
[Site "?"]
[Date "2013.12.08"]
[Round "4"]
[White "Bülau, Daniel"]
[Black "Bächer, Reinhard"]
[Result "1/2-1/2"]
[WhiteElo "1495"]
[BlackElo "1839"]
[PlyCount "73"]
[EventDate "2013.??.??"]
[WhiteTeam "SV Hermsdorf"]
[BlackTeam "SG Arnstadt-Stadtilm"]

1. e4 c6 2. d4 d5 3. exd5 cxd5 4. Bd3 Nc6 5. c3 Nf6 6. Bf4 e6 7. h3 Bd6 8. Bxd6
Qxd6 9. Nf3 O-O 10. O-O Bd7 11. Re1 Rac8 12. Ne5 Ne7 13. Nd2 Ng6 14. Nxg6 hxg6
15. Nf3 Qb6 16. Qb3 Qc7 17. Ne5 Bc6 18. Rac1 Qe7 19. Bxg6 fxg6 20. Nxg6 Qf7 21.
Nxf8 Rxf8 22. Re3 Ne4 23. Rf3 Qe7 24. Rxf8+ Qxf8 25. Qc2 Qf6 26. Re1 Qg5 27.
Qe2 Bd7 28. Rd1 Qg6 29. Qd3 Qf7 30. Qe2 a6 31. f3 Bb5 32. Qe1 Nd6 33. b3 Nf5
34. Qe5 Qd7 35. Rf1 Kf7 36. Qf4 Kg8 37. Qe5 1/2-1/2

[Event "Landesklasse Ost 2013/2014"]
[Site "?"]
[Date "2013.12.08"]
[Round "4"]
[White "Schumacher, Andreas"]
[Black "Schulz, Phillip"]
[Result "1-0"]
[WhiteElo "1702"]
[BlackElo "1504"]
[PlyCount "133"]
[EventDate "2013.??.??"]
[WhiteTeam "SG Arnstadt-Stadtilm"]
[BlackTeam "SV Hermsdorf"]

1. d4 Nf6 2. c4 e6 3. Nc3 d5 4. cxd5 Nxd5 5. e4 Nb6 6. Be3 Be7 7. Bd3 Bg5 8.
Nf3 Bxe3 9. fxe3 O-O 10. O-O N8d7 11. b4 Qe7 12. Rb1 Nf6 13. Qc2 c6 14. h3 Bd7
15. Rfe1 h6 16. a3 Rac8 17. Re2 Nh5 18. Ree1 Nf6 19. Qf2 Nh7 20. Ne5 Ng5 21.
Rf1 Be8 22. Rb2 Nd7 23. Ng4 Rd8 24. Nh2 Ne5 25. Be2 Ng6 26. Kh1 e5 27. Bf3 Bd7
28. Re2 Nxf3 29. Nxf3 Be6 30. Rd1 exd4 31. exd4 Bc4 32. Re3 Qf6 33. e5 Qe6 34.
Ne4 f6 35. Nc5 Qe7 36. Qg3 Nxe5 37. Nxe5 fxe5 38. Rxe5 Qc7 39. Qc3 Bd5 40. Rde1
Qf7 41. Ne6 Bxg2+ 42. Kxg2 Qf2+ 43. Kh1 Rf3 44. R5e3 Rxe3 45. Qxe3 Qxe3 46.
Rxe3 Re8 47. Re2 Kf7 48. Nf4 Rd8 49. Rd2 Kf6 50. Kg2 Kf5 51. Kf3 g5 52. Ne2 h5
53. Rc2 g4+ 54. hxg4+ hxg4+ 55. Kg3 Rd5 56. Rd2 Rd7 57. Nc3 Re7 58. Rf2+ Kg5
59. Re2 Rxe2 60. Nxe2 Kf5 61. Nc3 b5 62. d5 cxd5 63. Nxd5 Ke5 64. Nc7 a6 65.
Nxa6 Kd5 66. Nc7+ Kc4 67. Nxb5 1-0

[Event "Landesklasse Ost 2013/2014"]
[Site "?"]
[Date "2013.12.08"]
[Round "4"]
[White "Taudte, Stefan"]
[Black "Weiß, Thomas"]
[Result "1-0"]
[WhiteElo "1977"]
[BlackElo "1907"]
[PlyCount "71"]
[EventDate "2013.??.??"]
[WhiteTeam "SV Empor Erfurt"]
[BlackTeam "SSV Vimaria 91 Weimar"]

1. d4 e6 2. c4 d5 3. Nf3 c5 4. e3 Nf6 5. b3 cxd4 6. exd4 Bb4+ 7. Bd2 Bxd2+ 8.
Qxd2 Ne4 9. Qf4 Qa5+ 10. Nbd2 Nxd2 11. Qxd2 Qxd2+ 12. Kxd2 dxc4 13. bxc4 O-O
14. Bd3 Rd8 15. Kc3 Nd7 16. a4 Nf6 17. a5 Bd7 18. Ne5 Rac8 19. Rhd1 Rc7 20. Ra2
Ne8 21. Rb2 f6 22. Nxd7 Rdxd7 23. c5 a6 24. Bc4 Kf7 25. Re1 Rc6 26. Reb1 Rcc7
27. Rb6 Re7 28. Re1 Rc6 29. Rxc6 bxc6 30. Rb1 Nc7 31. Rb6 Ke8 32. Rxc6 Kd7 33.
Rd6+ Kc8 34. Bxa6+ Kb8 35. Bc4 Ka7 36. c6 1-0

[Event "Landesklasse Ost 2013/2014"]
[Site "?"]
[Date "2013.12.08"]
[Round "4"]
[White "Anschütz, Mario"]
[Black "Zahn, Alina"]
[Result "0-1"]
[WhiteElo "1846"]
[BlackElo "1984"]
[PlyCount "118"]
[EventDate "2013.??.??"]
[WhiteTeam "SSV Vimaria 91 Weimar"]
[BlackTeam "SV Empor Erfurt"]

1. d4 d5 2. c4 e6 3. cxd5 exd5 4. Nc3 Be7 5. Qc2 Nc6 6. e3 Nb4 7. Qb1 g6 8. Bd3
c6 9. f3 Nf6 10. Nge2 O-O 11. g4 Bd6 12. Ng3 Re8 13. Be2 c5 14. a3 cxd4 15.
exd4 Nc6 16. Qd3 Qb6 17. Bg5 Bxg3+ 18. hxg3 Nxd4 19. Bxf6 Qxf6 20. Nxd5 Qe5 21.
Nf4 Bd7 22. O-O-O Nxe2+ 23. Qxe2 Qxe2 24. Nxe2 Ba4 25. Rd2 Rac8+ 26. Kb1 Rc2
27. Rxc2 Bxc2+ 28. Kxc2 Rxe2+ 29. Kd3 Rxb2 30. Rc1 Kg7 31. Rc3 a5 32. g5 b5 33.
f4 b4 34. axb4 axb4 35. Rc4 b3 36. Kc3 Rb1 37. Rb4 Rg1 38. Kxb3 Rxg3+ 39. Kc4
Re3 40. Kd4 Re7 41. Rb6 h6 42. Rc6 hxg5 43. fxg5 Re1 44. Rb6 Rf1 45. Rb2 Rf5
46. Rg2 f6 47. gxf6+ Kxf6 48. Ke4 g5 49. Rg3 Rf4+ 50. Ke3 Kg6 51. Rf3 Ra4 52.
Kf2 Kh5 53. Kg3 Rg4+ 54. Kh2 Rh4+ 55. Rh3 Kg4 56. Rxh4+ Kxh4 57. Kg2 Kg4 58.
Kh1 Kh3 59. Kg1 Kg3 0-1

[Event "Landesklasse Ost 2013/2014"]
[Site "?"]
[Date "2013.12.08"]
[Round "4"]
[White "Streichardt, Niklas"]
[Black "Latka, Robert"]
[Result "0-1"]
[WhiteElo "1748"]
[BlackElo "1719"]
[PlyCount "80"]
[EventDate "2013.??.??"]
[WhiteTeam "SV Empor Erfurt"]
[BlackTeam "SSV Vimaria 91 Weimar"]

1. e4 c5 2. Nf3 Nc6 3. d4 cxd4 4. Nxd4 Nf6 5. Nc3 e5 6. Ndb5 d6 7. Bg5 a6 8.
Na3 b5 9. Nd5 Be7 10. Nxe7 Nxe7 11. f3 d5 12. exd5 Nexd5 13. c4 bxc4 14. Nxc4
Qe7 15. Bd3 O-O 16. O-O Rd8 17. Qc2 Qa7+ 18. Qf2 Nb4 19. Be4 Qxf2+ 20. Rxf2
Nxe4 21. fxe4 f6 22. Nb6 Rb8 23. Nxc8 Rbxc8 24. Bh4 Rd4 25. Re2 Nd3 26. Bf2 Nf4
27. Ree1 Rd2 28. Rad1 Rxb2 29. Re3 Rcc2 30. Rf3 Rxa2 31. h3 Rd2 32. Rb1 Nd3 33.
Rg3 Nxf2 34. Rb8+ Kf7 35. Rb7+ Ke6 36. Rgxg7 Ra1+ 37. Kh2 Rh1+ 38. Kg3 Nxe4+
39. Kf3 Ng5+ 40. Ke3 Rxg2 0-1

[Event "Landesklasse Ost 2013/2014"]
[Site "?"]
[Date "2013.12.08"]
[Round "4"]
[White "Mitter, Frank"]
[Black "Wahlicht, Mike"]
[Result "1/2-1/2"]
[WhiteElo "1781"]
[BlackElo "1821"]
[PlyCount "58"]
[EventDate "2013.??.??"]
[WhiteTeam "SSV Vimaria 91 Weimar"]
[BlackTeam "SV Empor Erfurt"]

1. d4 Nf6 2. c4 e6 3. Nc3 Bb4 4. e3 O-O 5. Nf3 d5 6. Bd3 c5 7. a3 cxd4 8. axb4
dxc3 9. bxc3 dxc4 10. Bxc4 Qxd1+ 11. Kxd1 Ne4 12. Ke1 Nxc3 13. Bb2 Nd5 14. Bxd5
exd5 15. Nd4 Nc6 16. Nxc6 bxc6 17. Bd4 a6 18. Kd2 Re8 19. Rhc1 Bb7 20. Re1 Re6
21. h4 f6 22. Rh1 h5 23. Rhg1 Kf7 24. Rh1 Re7 25. Ra5 Ke6 26. f3 Rh8 27. Raa1
Rh6 28. Ke2 Rf7 29. Kf2 g5 1/2-1/2

[Event "Landesklasse Ost 2013/2014"]
[Site "?"]
[Date "2013.12.08"]
[Round "4"]
[White "Nicolai, Tim"]
[Black "Petigk, Falk"]
[Result "1-0"]
[WhiteElo "1623"]
[BlackElo "1713"]
[PlyCount "31"]
[EventDate "2013.??.??"]
[WhiteTeam "SV Empor Erfurt"]
[BlackTeam "SSV Vimaria 91 Weimar"]

1. e4 c5 2. Nf3 d6 3. d4 cxd4 4. Nxd4 Nf6 5. Nc3 e6 6. Be3 a6 7. f4 Nbd7 8. Qf3
Qc7 9. g4 Nb6 10. g5 Nfd7 11. f5 Ne5 12. Qh3 Nec4 13. O-O-O e5 14. Nb3 Bd7 15.
Bxc4 Qxc4 16. Bxb6 1-0

[Event "Landesklasse Ost 2013/2014"]
[Site "?"]
[Date "2013.12.08"]
[Round "4"]
[White "Schmidt, Stephan"]
[Black "Strauch, Martin"]
[Result "1/2-1/2"]
[WhiteElo "1639"]
[BlackElo "1770"]
[PlyCount "67"]
[EventDate "2013.??.??"]
[WhiteTeam "SSV Vimaria 91 Weimar"]
[BlackTeam "SV Empor Erfurt"]

1. e4 d6 2. d4 Nf6 3. Nc3 g6 4. f4 Bg7 5. Nf3 O-O 6. Bc4 Nxe4 7. Bxf7+ Rxf7 8.
Nxe4 h6 9. O-O Nc6 10. c3 Bg4 11. h3 Bd7 12. Qe1 e6 13. Qg3 Ne7 14. Nh4 Kh7 15.
Bd2 Qg8 16. Rf2 Bh8 17. Qd3 Raf8 18. Raf1 a6 19. b3 Nc6 20. Qe3 Qg7 21. Rf3 Re7
22. Rg3 Be8 23. f5 exf5 24. Nxf5 gxf5 25. Rxg7+ Bxg7 26. Ng5+ hxg5 27. Qxg5
Ref7 28. Rf4 Rf6 29. Rh4+ Kg8 30. Qf4 Ne7 31. Qg5 Ng6 32. Rh5 Nh8 33. Rh4 Ng6
34. Rh5 1/2-1/2

[Event "Landesklasse Ost 2013/2014"]
[Site "?"]
[Date "2013.12.08"]
[Round "4"]
[White "Renner, Wolfgang"]
[Black "Schröter, Paul"]
[Result "1/2-1/2"]
[WhiteElo "1743"]
[BlackElo "1692"]
[PlyCount "40"]
[EventDate "2013.??.??"]
[WhiteTeam "SV Empor Erfurt"]
[BlackTeam "SSV Vimaria 91 Weimar"]

1. Nf3 c5 2. b3 Nc6 3. Bb2 d5 4. e3 Nf6 5. d4 e6 6. Be2 Be7 7. O-O O-O 8. Nbd2
b6 9. Rc1 Bb7 10. c4 Rc8 11. Qc2 Qc7 12. Ng5 cxd4 13. cxd5 exd5 14. Bg4 Rcd8
15. Bxd4 g6 16. Bf3 Qd6 17. Bb2 Ne8 18. Nh3 Nb4 19. Qb1 Ba6 20. Rfd1 Nd3
1/2-1/2

[Event "Landesklasse Ost 2013/2014"]
[Site "?"]
[Date "2013.12.08"]
[Round "4"]
[White "Klee, Otto"]
[Black "Thiemann, Jürgen"]
[Result "0-1"]
[WhiteElo "1372"]
[BlackElo "1708"]
[PlyCount "68"]
[EventDate "2013.??.??"]
[WhiteTeam "SSV Vimaria 91 Weimar"]
[BlackTeam "SV Empor Erfurt"]

1. e4 c6 2. d4 d5 3. exd5 cxd5 4. c4 Nc6 5. Nf3 e6 6. Nc3 dxc4 7. Bxc4 a6 8.
O-O Nf6 9. Bg5 Be7 10. Qd2 b5 11. Bb3 Na5 12. Bc2 Nc4 13. Qc1 Bb7 14. b3 Nb6
15. Qe3 Rc8 16. Be4 Rxc3 17. Qxc3 Nxe4 18. Bxe7 Nxc3 19. Bxd8 Kxd8 20. Ne5 Ke7
21. Rfe1 Rd8 22. Rac1 b4 23. a3 a5 24. Re3 Rxd4 25. Kf1 Rd1+ 26. Rxd1 Nxd1 27.
Rg3 bxa3 28. Rd3 Ba6 29. Nc4 Nxc4 30. bxc4 Bxc4 31. Ke2 Bxd3+ 32. Kxd1 a2 33.
Kd2 a1=Q 34. Kxd3 Qb2 0-1

[Event "Landesklasse Ost 2013/2014"]
[Site "?"]
[Date "2013.12.08"]
[Round "4"]
[White "Osterloh, Felix"]
[Black "Sunderbrink, Heino"]
[Result "1/2-1/2"]
[WhiteElo "1958"]
[BlackElo "1968"]
[PlyCount "35"]
[EventDate "2013.??.??"]
[WhiteTeam "SV Schott Jena"]
[BlackTeam "SV Medizin Erfurt"]

1. e4 Nf6 2. e5 Nd5 3. Nc3 Nxc3 4. dxc3 d6 5. Nf3 Bg4 6. Bf4 e6 7. exd6 cxd6 8.
Bb5+ Nc6 9. h3 Bh5 10. g4 Bg6 11. Nd4 Qc7 12. Qf3 Rc8 13. O-O-O e5 14. Nxc6
bxc6 15. Ba6 Rb8 16. Be3 d5 17. Qe2 Be7 18. Rhe1 1/2-1/2

[Event "Landesklasse Ost 2013/2014"]
[Site "?"]
[Date "2013.12.08"]
[Round "4"]
[White "Zeuner, Ulrich"]
[Black "Seifert, Michael"]
[Result "1-0"]
[WhiteElo "1970"]
[BlackElo "1770"]
[PlyCount "65"]
[EventDate "2013.??.??"]
[WhiteTeam "SV Medizin Erfurt"]
[BlackTeam "SV Schott Jena"]

1. Nf3 Nf6 2. g3 g6 3. Bg2 Bg7 4. d3 d5 5. Nbd2 O-O 6. O-O c5 7. c4 Nc6 8. Rb1
e5 9. cxd5 Nxd5 10. Ne4 Qe7 11. Qc2 Ndb4 12. Qxc5 Qxc5 13. Nxc5 Nxa2 14. Bd2 b6
15. Ng5 bxc5 16. Bxc6 Rb8 17. Ne4 Bh3 18. Rfe1 Rfc8 19. Bd5 Nb4 20. Bxb4 cxb4
21. Ng5 Rc5 22. Bxf7+ Kf8 23. Bb3 Bd7 24. Nxh7+ Ke7 25. Ng5 Rbc8 26. Ne4 R5c7
27. Ra1 Bh6 28. h4 Ra8 29. Ra5 Bg7 30. Rea1 Be6 31. Bxe6 Kxe6 32. Ra6+ Kf7 33.
Ng5+ 1-0

[Event "Landesklasse Ost 2013/2014"]
[Site "?"]
[Date "2013.12.08"]
[Round "4"]
[White "Richter, Jan"]
[Black "Rost, Detlef"]
[Result "1/2-1/2"]
[WhiteElo "1899"]
[BlackElo "1885"]
[PlyCount "30"]
[EventDate "2013.??.??"]
[WhiteTeam "SV Schott Jena"]
[BlackTeam "SV Medizin Erfurt"]

1. Nf3 Nf6 2. g3 d5 3. Bg2 e6 4. O-O b6 5. c4 Bb7 6. d4 Be7 7. Nc3 O-O 8. b3 c5
9. e3 Nbd7 10. Bb2 Rc8 11. Ne5 Ba6 12. Re1 Nxe5 13. dxe5 Nd7 14. cxd5 Nxe5 15.
Bf1 Bxf1 1/2-1/2

[Event "Landesklasse Ost 2013/2014"]
[Site "?"]
[Date "2013.12.08"]
[Round "4"]
[White "Eger, Axel"]
[Black "Richter, Gerhard"]
[Result "1/2-1/2"]
[WhiteElo "1847"]
[BlackElo "2010"]
[PlyCount "52"]
[EventDate "2013.??.??"]
[WhiteTeam "SV Medizin Erfurt"]
[BlackTeam "SV Schott Jena"]

1. e4 e6 2. d4 d5 3. exd5 exd5 4. Bd3 Nc6 5. c3 Bd6 6. Nf3 Bg4 7. O-O Nge7 8.
Re1 Qd7 9. Nbd2 O-O-O 10. Nf1 Rde8 11. Bd2 Ng6 12. Ne3 Be6 13. Qc2 Nf4 14. Bf5
Ne7 15. Bxe6 Nxe6 16. Nf5 Nxf5 17. Qxf5 g6 18. Qc2 f6 19. c4 dxc4 20. Qxc4 Nf4
21. g3 Qh3 22. Bxf4 Bxf4 23. Qf7 Ref8 24. Qe6+ Qxe6 25. Rxe6 Bd6 26. Kf1 Kd7
1/2-1/2